Beyond data : reclaiming human rights at the dawn of the metaverse / Elizabeth M. Renieris. (Record no. 20411)

000 -LEADER
fixed length control field 01155nam a22002057a 4500
020 ## - INTERNATIONAL STANDARD BOOK NUMBER
ISBN 9780262373425 (ebk)
082 ## - DEWEY DECIMAL CLASSIFICATION NUMBER
Classification number 302.231
Item number R413 2023
100 ## - MAIN ENTRY--AUTHOR NAME
Personal name Renieris, Elizabeth M., author.
245 ## - TITLE STATEMENT
Title Beyond data : reclaiming human rights at the dawn of the metaverse / Elizabeth M. Renieris.
260 ## - PUBLICATION, DISTRIBUTION, ETC. (IMPRINT)
Place of publication Cambridge, MA :
Name of publisher The MIT Press,
Year of publication ©2023.
300 ## - PHYSICAL DESCRIPTION
Number of Pages 1 online resource :
Other physical details illustrations
500 ## - GENERAL NOTE
General note Includes bibliographical references and index.
520 ## - SUMMARY, ETC.
Summary, etc "A Future Beyond Data aims to shift the conversation to an approach that centers people, not data, and draws on the international human rights framework. In response to the immersive, cyberphysical reality that is rapidly developing, this book argues for a more expansive interpretation of human rights, beyond rights to privacy or data protection, to address the complex array of threats and challenges posed by enveloping digital technologies"-- Provided by publisher.
650 ## - SUBJECT ADDED ENTRY--TOPICAL TERM
Topical Term Internet--Social aspects.
650 ## - SUBJECT ADDED ENTRY--TOPICAL TERM
Topical Term Big data--Moral and ethical aspects.
650 ## - SUBJECT ADDED ENTRY--TOPICAL TERM
Topical Term Human rights.
650 ## - SUBJECT ADDED ENTRY--TOPICAL TERM
Topical Term Data privacy.
650 ## - SUBJECT ADDED ENTRY--TOPICAL TERM
Topical Term Internet governance.
942 ## - ADDED ENTRY ELEMENTS (KOHA)
Koha item type Electronic Books
Holdings
Source of acquisition Permanent Location Date acquired Collection code Koha item type Lost status Shelving location Withdrawn status Current Location Full call number
DonationCagayan State University - Carig Library2025-05-24E-BooksElectronic Books E-Resource Section Cagayan State University - Carig Library302.231 R413 2023

Cagayan State University University Library, Carig Campus
Tuguegarao City, Cagayan 3500 | www.csucarig.edu.ph

Powered by Koha